[Event "Hessen-ch Seniors op 10th"]
[Site "Bad Sooden-Allendorf"]
[Date "2014.04.28"]
[Round "3"]
[White "Knobling, Rolf"]
[Black "Schmidt, Erich"]
[Result "0-1"]
[WhiteElo "1636"]
[BlackElo "1913"]
[PlyCount "50"]
[EventDate "2014.04.26"]
[EventType "swiss"]
[EventRounds "9"]
[EventCountry "GER"]
[SourceTitle "EXT 2018"]
[Source "ChessBase"]
[SourceDate "2017.10.13"]
[SourceVersion "1"]
[SourceVersionDate "2017.10.13"]
[SourceQuality "1"]

1. e4 g6 2. d4 Bg7 3. Be3 d6 4. Nf3 e6 5. Qd2 Nd7 6. Be2 Ne7 7. Bd3 0-0 8. 0-0 b6 9. Bh6 Bb7 10. Bxg7 Kxg7 11. Re1 c5 12. c3 h6 13. Na3 Nf6 14. h3 a6 15. Nh2 Ra7 16. f4 b5 17. e5 Nfg8 18. g4 cxd4 19. cxd4 dxe5 20. dxe5 Qd4+ 21. Qe3 Rd8 22. Qxd4 Rxd4 23. Re3 Nd5 24. Rf3 Nxf4 25. Rxf4 Rxf4 0-1

[Event "Schoenhagen Cup Seniors 20th"]
[Site "Schoenhagen/Uslar"]
[Date "2011.09.08"]
[Round "4"]
[White "Schmidt, Erich"]
[Black "Drechsel, Dieter"]
[Result "1/2-1/2"]
[WhiteElo "1634"]
[BlackElo "1550"]
[PlyCount "51"]
[EventDate "2011.09.05"]
[EventType "swiss"]
[EventRounds "9"]
[EventCountry "GER"]
[SourceTitle "EXT 2012"]
[Source "ChessBase"]
[SourceDate "2011.11.24"]
[SourceVersion "1"]
[SourceVersionDate "2011.11.24"]
[SourceQuality "1"]

1. d4 d5 2. Nf3 Nf6 3. Bf4 c6 4. c3 e6 5. Nbd2 Bd6 6. Ne5 Qc7 7. e3 Nbd7 8. Nxd7 Bxd7 9. Bxd6 Qxd6 10. Bd3 0-0 11. 0-0 e5 12. dxe5 Qxe5 13. Nf3 Qh5 14. Be2 Rfe8 15. h3 Qg6 16. Kh2 Re7 17. Bd3 Qh6 18. Ng1 Ng4+ 19. Kh1 Qh4 20. Qe2 Rae8 21. Nf3 Qh6 22. Kg1 Ne5 23. Nxe5 Rxe5 24. Qf3 R8e6 25. Qf4 Qxf4 26. exf4 1/2-1/2

[Event "Hessen-ch Seniors op 05th"]
[Site "Bad Sooden-Allendorf"]
[Date "2009.04.30"]
[Round "6"]
[White "Schmidt, Erich"]
[Black "Weber, Gerhard"]
[Result "0-1"]
[WhiteElo "1666"]
[BlackElo "1775"]
[PlyCount "60"]
[EventDate "2009.04.25"]
[EventType "swiss"]
[EventRounds "9"]
[EventCountry "GER"]
[SourceTitle "EXT 2022"]
[Source "ChessBase"]
[SourceDate "2021.10.06"]
[SourceVersion "1"]
[SourceVersionDate "2021.10.06"]
[SourceQuality "1"]

1. d4 Nf6 2. Nf3 g6 3. Bf4 Bg7 4. e3 c5 5. c3 Nc6 6. dxc5 Nh5 7. Bg5 Qa5 8. e4 Qxc5 9. Be3 Qa5 10. Bc4 Nf6 11. Nbd2 0-0 12. 0-0 Ne5 13. Nxe5 Qxe5 14. f4 Qc7 15. Qe2 d6 16. h3 Be6 17. Bd3 Bd7 18. f5 Bc6 19. Bf4 Nd7 20. Bc4 Qb6+ 21. Kh1 Qxb2 22. fxg6 hxg6 23. Qg4 Qxc3 24. Rac1 Qd4 25. Rf3 e6 26. Rd3 Ne5 27. Rxd4 Nxg4 28. Rxd6 Ne5 29. Bg5 Nxc4 30. Rxc4 Be5 0-1

[Event "Hessen-ch Seniors op 05th"]
[Site "Bad Sooden-Allendorf"]
[Date "2009.04.25"]
[Round "1"]
[White "Schmidt, Erich"]
[Black "Kopp, Peter"]
[Result "1/2-1/2"]
[WhiteElo "1666"]
[BlackElo "2045"]
[PlyCount "75"]
[EventDate "2009.04.25"]
[EventType "swiss"]
[EventRounds "9"]
[EventCountry "GER"]
[SourceTitle "EXT 2022"]
[Source "ChessBase"]
[SourceDate "2021.10.06"]
[SourceVersion "1"]
[SourceVersionDate "2021.10.06"]
[SourceQuality "1"]

1. d4 Nf6 2. Nf3 g6 3. Bf4 Bg7 4. e3 0-0 5. Nbd2 d6 6. c3 Nbd7 7. Bc4 c6 8. a4 Qe8 9. 0-0 e5 10. dxe5 dxe5 11. Bg3 Qe7 12. Qc2 h6 13. Ba2 Kh7 14. Bh4 Re8 15. e4 g5 16. Bg3 Nh5 17. h3 Nf8 18. Nh2 Ng6 19. Ng4 Nhf4 20. Rae1 Bf6 21. Re3 Rg8 22. Qd1 Nh4 23. Bxh4 gxh4 24. Kh2 Bg5 25. Rf3 Rg7 26. g3 Ng6 27. Ne3 Bxe3 28. Rxe3 Bxh3 29. Kxh3 Qd7+ 30. Kh2 Rd8 31. Qf3 hxg3+ 32. fxg3 Qxd2+ 33. Rf2 Qd1 34. Bxf7 Qxf3 35. Bxg6+ Rxg6 36. Rexf3 Rd1 37. Rf5 Rd3 38. R5f3 1/2-1/2

[Event "Hessen-ch Seniors op 03rd"]
[Site "Bad Sooden-Allendorf"]
[Date "2007.05.04"]
[Round "7"]
[White "Nagorni, Walter"]
[Black "Schmidt, Erich"]
[Result "0-1"]
[WhiteElo "1954"]
[BlackElo "1803"]
[PlyCount "104"]
[EventDate "2007.04.27"]
[EventType "swiss"]
[EventRounds "9"]
[EventCountry "GER"]
[SourceTitle "EXT 2022"]
[Source "ChessBase"]
[SourceDate "2021.10.06"]
[SourceVersion "1"]
[SourceVersionDate "2021.10.06"]
[SourceQuality "1"]

1. Nf3 Nf6 2. c4 g6 3. g3 Bg7 4. Bg2 0-0 5. 0-0 c6 6. Nc3 d6 7. d4 Nbd7 8. h3 Nb6 9. b3 d5 10. c5 Nbd7 11. Bf4 Nh5 12. Be3 f5 13. Ng5 Ndf6 14. Rc1 h6 15. Nf3 Qc7 16. Ne5 Kh7 17. Qc2 Ne4 18. Nxe4 Bxe5 19. dxe5 fxe4 20. Bd4 Be6 21. Kh2 Qd7 22. f3 exf3 23. Bxf3 Bf5 24. Qd2 Bxh3 25. Rg1 Bg4 26. Bg2 Ng7 27. Rcf1 Rf5 28. Rxf5 gxf5 29. Rh1 Qe6 30. Kg1 h5 31. Bf3 Qg6 32. Kg2 Rg8 33. Be3 Ne6 34. Bf4 Nxc5 35. Bxg4 fxg4 36. Qb4 b6 37. Be3 a5 38. Qf4 Ne6 39. Qf2 Rf8 40. Bf4 Qe4+ 41. Kg1 Nxf4 42. gxf4 Rxf4 43. Rxh5+ Kg6 44. Qh2 Qb1+ 45. Kg2 Qf1+ 46. Kg3 Qf2+ 47. Qxf2 Rxf2 48. Rh8 Rxe2 49. Rc8 Kf5 50. Rxc6 Rxa2 51. e6 Ra3 52. Rxb6 a4 0-1

[Event "Hessen-ch Seniors op 03rd"]
[Site "Bad Sooden-Allendorf"]
[Date "2007.04.30"]
[Round "3"]
[White "Kempf, Gerhard"]
[Black "Schmidt, Erich"]
[Result "0-1"]
[WhiteElo "1549"]
[BlackElo "1803"]
[PlyCount "91"]
[EventDate "2007.04.27"]
[EventType "swiss"]
[EventRounds "9"]
[EventCountry "GER"]
[SourceTitle "EXT 2022"]
[Source "ChessBase"]
[SourceDate "2021.10.06"]
[SourceVersion "1"]
[SourceVersionDate "2021.10.06"]
[SourceQuality "1"]

1. c4 Nf6 2. Nc3 g6 3. e3 Bg7 4. d4 d5 5. Nf3 b6 6. Qb3 c6 7. Be2 0-0 8. 0-0 e6 9. Ne5 Nfd7 10. f4 Bb7 11. Bf3 Nxe5 12. fxe5 dxc4 13. Qd1 Qc7 14. Qe2 Ba6 15. a4 Nd7 16. Nb5 cxb5 17. Bxa8 Rxa8 18. Qf3 Rf8 19. axb5 Bxb5 20. Ra3 Bc6 21. Qg4 Qb7 22. Bd2 a5 23. Bc3 Bd5 24. Raa1 Bh6 25. Rae1 Be4 26. Rf2 Qd5 27. Qh4 Bg7 28. Rf4 f5 29. Qg5 Kf7 30. Rh4 Rh8 31. Rh3 h6 32. Qg3 Nf8 33. Qf2 Nh7 34. g4 Ng5 35. Rg3 Nf3+ 36. Rxf3 Bxf3 37. gxf5 gxf5 38. Rf1 Be4 39. Qh4 Qd8 40. Qh5+ Kf8 41. Be1 Qg5+ 42. Qxg5 hxg5 43. Kf2 Rxh2+ 44. Kg3 Rg2+ 45. Kh3 Rxb2 46. Bg3 0-1

[Event "Hessen-ch Seniors op 03rd"]
[Site "Bad Sooden-Allendorf"]
[Date "2007.04.29"]
[Round "2"]
[White "Schmidt, Erich"]
[Black "Schroeder, Christian"]
[Result "0-1"]
[WhiteElo "1803"]
[BlackElo "1960"]
[PlyCount "66"]
[EventDate "2007.04.27"]
[EventType "swiss"]
[EventRounds "9"]
[EventCountry "GER"]
[SourceTitle "EXT 2022"]
[Source "ChessBase"]
[SourceDate "2021.10.06"]
[SourceVersion "1"]
[SourceVersionDate "2021.10.06"]
[SourceQuality "1"]

1. d4 Nf6 2. Nf3 d5 3. Bf4 e6 4. e3 Bb4+ 5. c3 Be7 6. h3 0-0 7. Nbd2 c5 8. Bd3 b6 9. Qe2 Bb7 10. Ng5 Nbd7 11. h4 Re8 12. Qf3 Nf8 13. Qh3 Bd6 14. Ndf3 cxd4 15. Ne5 Bxe5 16. Bxe5 dxc3 17. bxc3 N6d7 18. Bd6 Qf6 19. Rc1 Rac8 20. 0-0 Rxc3 21. Rxc3 Qxc3 22. Qf3 Nf6 23. Rd1 h6 24. Nh3 e5 25. Bb5 Re6 26. Bxf8 Kxf8 27. g4 a6 28. Be2 Qc7 29. Kf1 d4 30. e4 Nxe4 31. Qa3+ Qc5 32. Qxc5+ Nxc5 33. Bc4 Re7 0-1

[Event "Hessen-ch Seniors op 02nd"]
[Site "Bad Sooden-Allendorf"]
[Date "2006.04.27"]
[Round "3"]
[White "Schmidt, Erich"]
[Black "Czerwonka, Erwin"]
[Result "1/2-1/2"]
[WhiteElo "1745"]
[BlackElo "1929"]
[PlyCount "98"]
[EventDate "2006.04.25"]
[EventType "swiss"]
[EventRounds "9"]
[EventCountry "GER"]
[SourceTitle "EXT 2007"]
[Source "ChessBase"]
[SourceDate "2006.11.23"]
[SourceVersion "1"]
[SourceVersionDate "2006.11.23"]
[SourceQuality "1"]

1. d4 Nf6 2. Nf3 e6 3. Bf4 c5 4. c3 Nc6 5. e3 d5 6. Nbd2 Bd6 7. Bg5 h6 8. Bh4 cxd4 9. exd4 a6 10. Bd3 Bd7 11. 0-0 g5 12. Bg3 Qc7 13. Re1 Bxg3 14. fxg3 g4 15. Ne5 h5 16. Re3 Ke7 17. Qe2 Rag8 18. Rf1 Nxe5 19. Rxe5 Rh6 20. Qe3 Rgh8 21. Qf4 Qd8 22. c4 Bc6 23. c5 Be8 24. Qg5 Kd7 25. b4 Kc8 26. Nb3 Nd7 27. Qxd8+ Kxd8 28. Re2 h4 29. gxh4 Rxh4 30. g3 R4h6 31. a4 Nb8 32. b5 f5 33. Na5 Kc8 34. Rb1 axb5 35. Bxb5 Bxb5 36. Rxb5 Nc6 37. Reb2 Nxa5 38. Rxa5 R8h7 39. Ra8+ Kc7 40. Ra7 Kc8 41. Ra8+ Kc7 42. Re8 Rf7 43. Rb6 f4 44. Rbxe6 Rxe6 45. Rxe6 fxg3 46. hxg3 Rf3 47. Rg6 Rxg3+ 48. Kf2 Ra3 49. Rxg4 Rxa4 1/2-1/2

[Event "Hessen-ch Seniors op 02nd"]
[Site "Bad Sooden-Allendorf"]
[Date "2006.04.26"]
[Round "2"]
[White "Bomert, Egon"]
[Black "Schmidt, Erich"]
[Result "1-0"]
[WhiteElo "2012"]
[BlackElo "1745"]
[PlyCount "53"]
[EventDate "2006.04.25"]
[EventType "swiss"]
[EventRounds "9"]
[EventCountry "GER"]
[SourceTitle "EXT 2007"]
[Source "ChessBase"]
[SourceDate "2006.11.23"]
[SourceVersion "1"]
[SourceVersionDate "2006.11.23"]
[SourceQuality "1"]

1. e4 e6 2. d4 g6 3. Nf3 Bg7 4. Bg5 Ne7 5. Qd2 h6 6. Bf4 d6 7. Nc3 Nd7 8. 0-0-0 b6 9. Bb5 Bb7 10. h3 Qc8 11. Rhe1 Bc6 12. Bxc6 Nxc6 13. d5 Nd8 14. e5 Nxe5 15. Nxe5 dxe5 16. Bxe5 0-0 17. Bxg7 Kxg7 18. Qd4+ f6 19. dxe6 Nxe6 20. Qd5 Ng5 21. h4 Nf7 22. Re7 c6 23. Qb3 c5 24. Qd5 a6 25. Ne4 Qf5 26. Rxf7+ Rxf7 27. Qxa8 1-0

[Event "Hessen-ch Seniors op 01st"]
[Site "Bad Sooden-Allendorf"]
[Date "2005.04.25"]
[Round "4"]
[White "Schmidt, Erich"]
[Black "Schneidereit, Manfred"]
[Result "1-0"]
[WhiteElo "1772"]
[BlackElo "1622"]
[PlyCount "119"]
[EventDate "2005.04.22"]
[EventType "swiss"]
[EventRounds "9"]
[EventCountry "GER"]
[SourceTitle "EXT 2007"]
[Source "ChessBase"]
[SourceDate "2006.11.23"]
[SourceVersion "1"]
[SourceVersionDate "2006.11.23"]
[SourceQuality "1"]

1. d4 Nf6 2. Nf3 g6 3. Bf4 d6 4. e3 Bg7 5. Bc4 0-0 6. Nbd2 c5 7. c3 d5 8. Bd3 c4 9. Bc2 Qb6 10. Rb1 Nh5 11. Bg5 Qc7 12. 0-0 Nc6 13. e4 e6 14. exd5 exd5 15. Re1 h6 16. Bh4 Bg4 17. h3 Be6 18. Nf1 Rae8 19. Qd2 b5 20. g4 Qf4 21. Qxf4 Nxf4 22. Kh2 f5 23. g5 Nd8 24. Bg3 Nh5 25. Be5 hxg5 26. Nxg5 Bf6 27. Bxf6 Nxf6 28. Re2 Ne4 29. Nxe6 Nxe6 30. Rbe1 Nf4 31. Re3 Kf7 32. f3 Ng5 33. Rxe8 Rxe8 34. Rxe8 Kxe8 35. Kg3 Ngxh3 36. Ne3 Kf7 37. Nxd5 g5 38. Bxf5 Nxd5 39. Bxh3 b4 40. cxb4 Nxb4 41. Bf1 Nd3 42. b3 cxb3 43. Bxd3 b2 44. f4 gxf4+ 45. Kxf4 Ke6 46. Ke4 Kd6 47. a4 a5 48. Bc2 Ke6 49. Bb3+ Kd6 50. Ba2 Kc6 51. Ke5 Kd7 52. Bb1 Ke7 53. Bf5 Kf7 54. d5 Ke7 55. d6+ Kf7 56. Kd5 Ke8 57. Kc6 Kd8 58. Bb1 Kc8 59. d7+ Kd8 60. Be4 1-0

[Event "Schoenhagener Seniors op 14th"]
[Site "Uslar"]
[Date "2004.09.01"]
[Round "6"]
[White "Bornemann, Anton"]
[Black "Schmidt, Erich"]
[Result "0-1"]
[WhiteElo "1723"]
[BlackElo "1783"]
[PlyCount "58"]
[EventDate "2004.08.27"]
[EventType "swiss"]
[EventRounds "9"]
[EventCountry "GER"]
[SourceTitle "EXT 2006"]
[Source "ChessBase"]
[SourceDate "2005.11.24"]
[SourceVersion "1"]
[SourceVersionDate "2005.11.24"]
[SourceQuality "1"]

1. e4 g6 2. d4 Bg7 3. c3 d6 4. Nf3 Nh6 5. Bd3 Nc6 6. Na3 a6 7. Nc2 0-0 8. 0-0 Kh8 9. Re1 e5 10. d5 Ne7 11. Bd2 f5 12. Qc1 Nf7 13. Ng5 f4 14. Nxf7+ Rxf7 15. f3 Ng8 16. Rf1 g5 17. Be2 Nf6 18. g4 fxg3 19. Bxg5 gxh2+ 20. Kxh2 Qd7 21. Qe1 Qh3+ 22. Kg1 Bh6 23. Qh4 Bxg5 24. Qxh3 Bxh3 25. Rf2 Bf4 26. Bf1 Rg8+ 27. Kh1 Bxf1 28. Raxf1 Rfg7 29. Ne1 Rg6 0-1

[Event "Schoenhagener Seniors op 14th"]
[Site "Uslar"]
[Date "2004.08.27"]
[Round "1"]
[White "Schmidt, Erich"]
[Black "Krause, Werner1"]
[Result "1-0"]
[WhiteElo "1783"]
[BlackElo "1471"]
[PlyCount "63"]
[EventDate "2004.08.27"]
[EventType "swiss"]
[EventRounds "9"]
[EventCountry "GER"]
[SourceTitle "EXT 2006"]
[Source "ChessBase"]
[SourceDate "2005.11.24"]
[SourceVersion "1"]
[SourceVersionDate "2005.11.24"]
[SourceQuality "1"]

1. d4 d5 2. Nf3 Bf5 3. Bf4 e6 4. Nbd2 Nf6 5. e3 Bd6 6. Ne5 c6 7. c4 Qe7 8. c5 Bc7 9. Be2 h6 10. a4 Ba5 11. 0-0 g5 12. Bg3 h5 13. f3 h4 14. Be1 Nbd7 15. e4 Bh7 16. Nxd7 Kxd7 17. e5 Nh5 18. Nb3 Bxe1 19. Qxe1 Nf4 20. a5 Bc2 21. Nc1 f5 22. Rf2 h3 23. g3 Ng2 24. Qc3 f4 25. g4 Bg6 26. a6 Rab8 27. Nb3 b6 28. cxb6 axb6 29. Rc1 Kd8 30. Qxc6 Bf7 31. Qc3 Rc8 32. Qd2 1-0

[Event "Bad Sooden-Allendorf Seniors op 16th"]
[Site "Bad Sooden-Allendorf"]
[Date "2004.04.26"]
[Round "5"]
[White "Donner, Ernst"]
[Black "Schmidt, Erich"]
[Result "0-1"]
[WhiteElo "1456"]
[BlackElo "2063"]
[PlyCount "60"]
[EventDate "2004.04.22"]
[EventType "swiss"]
[EventRounds "9"]
[EventCountry "GER"]
[SourceTitle "EXT 2006"]
[Source "ChessBase"]
[SourceDate "2005.11.24"]
[SourceVersion "1"]
[SourceVersionDate "2005.11.24"]
[SourceQuality "1"]

1. e4 c5 2. Nc3 d6 3. h3 Nc6 4. Nge2 g6 5. Ng3 Bg7 6. Nce2 b5 7. c3 Qb6 8. Nf4 e6 9. Bd3 Ne5 10. Bc2 Nc6 11. 0-0 Nge7 12. a3 0-0 13. d3 Bb7 14. Be3 e5 15. Nfe2 f5 16. exf5 Nxf5 17. Nxf5 gxf5 18. f4 Ne7 19. Rf2 Kh8 20. b4 Qc6 21. d4 Rg8 22. dxc5 Bh6 23. Qf1 Nd5 24. Bd2 e4 25. Nd4 Qd7 26. c6 Bxc6 27. Nxc6 Qxc6 28. Bb3 e3 29. Bxe3 Nxe3 30. Qd3 Rxg2+ 0-1

[Event "Kaiserbrunnen Seniors op 2nd "]
[Site "Brakel"]
[Date "2004.02.27"]
[Round "8"]
[White "Schmidt, Erich"]
[Black "Van Houten, Henk"]
[Result "1/2-1/2"]
[WhiteElo "2063"]
[BlackElo "1681"]
[PlyCount "103"]
[EventDate "2004.02.20"]
[EventType "swiss"]
[EventRounds "9"]
[EventCountry "GER"]
[SourceTitle "EXT 2006"]
[Source "ChessBase"]
[SourceDate "2005.11.24"]
[SourceVersion "1"]
[SourceVersionDate "2005.11.24"]
[SourceQuality "1"]

1. d4 d5 2. Nf3 g6 3. Bf4 Bg7 4. e3 Nf6 5. Bd3 Nh5 6. Bg5 h6 7. Bh4 Nf6 8. Nbd2 Bf5 9. Bxf5 gxf5 10. Ne5 h5 11. c3 c6 12. Qb3 Qb6 13. Qc2 e6 14. c4 Nbd7 15. c5 Qc7 16. Bg3 Nxe5 17. Bxe5 Qd7 18. Nf3 Rg8 19. Bg3 Ne4 20. 0-0-0 Bf6 21. Rhg1 Nxg3 22. hxg3 Qe7 23. Rh1 h4 24. gxh4 Rxg2 25. Rdg1 Rxg1+ 26. Rxg1 0-0-0 27. h5 Rh8 28. Qa4 Kb8 29. h6 Qd8 30. b4 Rxh6 31. b5 Rg6 32. Rf1 Qd7 33. bxc6 Qxc6 34. Qxc6 bxc6 35. Kd2 Rg4 36. Rh1 f4 37. Rh7 fxe3+ 38. fxe3 Rg7 39. Rxg7 Bxg7 40. Ng5 e5 41. dxe5 Bxe5 42. Nxf7 Bf6 43. Kd3 Kb7 44. Nd6+ Ka6 45. e4 Be5 46. Nf7 dxe4+ 47. Kxe4 Bc7 48. Kd4 Kb5 49. Nd6+ Ka6 50. Ke5 Ka5 51. Kd4 Kb4 52. Nc8 1/2-1/2

[Event "Kaiserbrunnen Seniors op 2nd "]
[Site "Brakel"]
[Date "2004.02.20"]
[Round "1"]
[White "Schmidt, Erich"]
[Black "Kruse, Martin1"]
[Result "1-0"]
[WhiteElo "2063"]
[BlackElo "1450"]
[PlyCount "112"]
[EventDate "2004.02.20"]
[EventType "swiss"]
[EventRounds "9"]
[EventCountry "GER"]
[SourceTitle "EXT 2006"]
[Source "ChessBase"]
[SourceDate "2005.11.24"]
[SourceVersion "1"]
[SourceVersionDate "2005.11.24"]
[SourceQuality "1"]

1. d4 d5 2. Nf3 Nc6 3. Bf4 Bd7 4. e3 e6 5. Nbd2 Bd6 6. Ne5 Nf6 7. c3 0-0 8. Bd3 Ne7 9. Ndf3 Ne4 10. Nxd7 Qxd7 11. Ne5 Bxe5 12. dxe5 f5 13. exf6 Nxf6 14. Qc2 Nf5 15. h3 c5 16. Rd1 Qc8 17. e4 dxe4 18. Bxe4 Nxe4 19. Qxe4 Qc6 20. Qxc6 bxc6 21. g4 Nh4 22. Bg3 Ng6 23. Bd6 Rfd8 24. Bxc5 Rd5 25. Rxd5 exd5 26. 0-0 Ne5 27. Rd1 a6 28. Kg2 Kf7 29. Re1 Re8 30. Re3 Nc4 31. Rf3+ Kg8 32. b3 Nd2 33. Re3 Rxe3 34. Bxe3 Ne4 35. Bd4 Kf7 36. f3 Ng5 37. Kg3 g6 38. Be3 Ne6 39. b4 Nc7 40. Kf4 Nb5 41. Bd2 Na3 42. h4 Nc4 43. Be3 Nxe3 44. Kxe3 Ke6 45. Kd4 Kd6 46. f4 h6 47. a4 Kc7 48. Kc5 Kb7 49. f5 gxf5 50. gxf5 Kc7 51. f6 Kd7 52. f7 Ke7 53. Kxc6 Kxf7 54. b5 axb5 55. axb5 Kg6 56. b6 Kh5 1-0